LEADER 01590nam 2200409 450 001 000011224 005 20050718115400.0 010 $a0-8218-5118-7 100 $a20020719d1990----km-y0itay0103----ba 101 0 $aeng 102 $aUS 200 1 $aFinite geometries and combinatorial designs$eproceedings of the AMS Special Session in Finite Geometries and Combinatorial designs held October 29 - November 1, 1987$fEarl S. Kramer and Spyros S. Magliveras, Editors 210 $aProvidence$cAmerican Mathematical Society$dc1990 215 $aXVIII, 311 p.$cill.$d25 cm. 225 1 $aContemporary mathematics$v111 606 $aGeometria$xCongressi 606 $aAnalisi 676 $a515.13$v(20. ed.)$9Analisi e topologia 691 $a05Bxx$9Combinatorics. Designs and configurations 691 $a51Exx$9Geometry. Finite geometry and special incidence structures 702 1$aKramer,$bEarl Sidney 702 1$aMagliveras,$bSpyros Simons 801 0$aIT$bUniversità della Basilicata - B.I.A.$gRICA$2unimarc 912 $a000011224 996 $aFinite geometries and combinatorial designs$979061 997 $aUNIBAS BAS $aMONSCI BAS $aMONOGR BAS $aSCIENZE CAT $aEXT002$b01$c20020719$lBAS01$h1616 CAT $c20050601$lBAS01$h1754 CAT $abatch$b01$c20050718$lBAS01$h1051 CAT $c20050718$lBAS01$h1110 CAT $c20050718$lBAS01$h1140 CAT $c20050718$lBAS01$h1154 FMT Z30 -1$lBAS01$LBAS01$mBOOK$1BASA5$ADipartimento Matematica$2GEN$BCollezione generale$3MAT$61379$5M1379$820020719$f51$FRiservati LEADER 02615nam0 2200457 i 450 001 IEI0116631 005 20251003044159.0 010 $a8833910512 010 $a8833910563 100 $a19971110d1997 ||||0itac50 ba 101 | $aita 102 $ait 181 1$6z01$ai $bxxxe 182 1$6z01$an 200 1 $aDisoccupazione di fine secolo$estudi e proposte per l'Europa$fa cura di Pierluigi Ciocca 210 $aTorino$cBollati Boringhieri$d1997 215 $aXXXVII, 342 p.$d22 cm. 225 | $aSaggi$i. Storia, filosofia e scienze sociali 410 0$1001CFI0520035$12001 $aSaggi$i. Storia, filosofia e scienze sociali 606 $aDISOCCUPAZIONE$xEUROPA$xSEC. 20.$2FIR$3MILC092622$9I 606 $aOccupazione e disoccupazione$xEuropa$2FIR$3CFIC069700$9I 676 $a331.1$9Forza di lavoro e mercato del lavoro$v14 676 $a331.1094$9FORZA LAVORO E MERCATO DEL LAVORO. EUROPA$v20 676 $a331.1094$9FORZA LAVORO E MERCATO DEL LAVORO. Europa$v21 676 $a331.13$9$v12 676 $a331.137$9DISOCCUPAZIONE$v20 676 $a331.137$9DISFUNZIONI DEL MERCATO DEL LAVORO. DISOCCUPAZIONE$v21 676 $a331.13794$9DISOCCUPAZIONE IN EUROPA$v20 686 $aSe.i.14.2.1.1$cStoria dell'economia italiana. 1963-1975. Occupazione e disoccupazione$2F 702 1$aCiocca$b, Pierluigi$3CFIV059030 801 3$aIT$bIT-000000$c19971110 850 $aIT-BN0095 $aIT-AV0007 $aIT-NA0070 $aIT-AV0045 901 $bNAP MV$cD $nDEPOSITO LIBRARIO NARRATIVA SALA D 901 $bNAP BU$c4 B $nPropedeutica. Formato cm. 20,1-28. 901 $bNAP AV$cSEZ. M 3 $n$ 901 $bNAP 01$cPOZZO LIB.$nVi sono collocati fondi di economia, periodici di ingegneria e scienze, periodici di economia e statistica e altri fondi comprendenti documenti di economia pervenuti in dono. 912 $aIEI0116631 950 0$aBiblioteca Centralizzata di Ateneo$c1 v. in tre copie$d 01POZZO LIB.ECON MON 2490$e 0101 0000000815E VMA 1 v. precedente collocazione sez. DASES B 0007$fB $h20070628$i20070628$c1 v. in tre copie$d 01POZZO LIB.ECON MON 2490$e 0101 0000095025E VMA (bis 1 v. (2. copia) precedente collocazione sez. DASES B 0007(bis$fB $h20080110$i20080110$c1 v. in tre copie$d 01POZZO LIB.ECON MON 2490$e 01AR 0700314465E VMA (ter 1 v. (3. copia. - Precedente collocazione: EC (AR) 31 446)$fB $h20140924$i20140924 977 $a 01$a AV$a BU$a MV 996 $aDisoccupazione di fine secolo$963744 997 $aUNISANNIO